| 000 | 00475nam a2200157Ia 4500 | ||
|---|---|---|---|
| 008 | 210716s2012 xx 000 0 und d | ||
| 020 | _a9788131721018 | ||
| 041 | _aeng | ||
| 082 | _a005.453 AHOA | ||
| 100 | _aAho, Alfred V;Lam, Monica S;Sethi, Ravi;Ullman, Jeffrey D. | ||
| 245 |
_aCompilers: principles, techniques and tools. _bPrecise approach. |
||
| 250 | _a2 | ||
| 260 |
_aNew Delhi _bPearson Education _c2012 |
||
| 300 | _axxiv,1009 | ||
| 650 | _aCompilers(005.453) | ||
| 999 |
_c193244 _d193244 |
||